[Event "WC-2015-S-00002"]
[Site "LSS email"]
[Date "2018.07.11"]
[Round "?"]
[White "Bucek, Jiri"]
[Black "Van Seben, Edgar"]
[Result "1/2-1/2"]
[WhiteElo "2530"]
[BlackElo "2501"]
[PlyCount "64"]
[EventDate "2015.06.10"]
[EventType "tourn (corr)"]
[EventRounds "12"]
[EventCountry "GER"]
[SourceTitle "Corr 2024"]
[Source "ChessBase"]
[SourceDate "2023.10.19"]
[SourceVersion "1"]
[SourceVersionDate "2023.10.19"]
[SourceQuality "1"]

1. e4 e6 2. d4 d5 3. Nc3 Nf6 4. Bg5 Bb4 5. e5 h6 6. Bd2 Bxc3 7. bxc3 Ne4 8. Qg4 Kf8 9. Bd3 Nxd2 10. Kxd2 c5 11. h4 c4 12. Be2 Nc6 13. Qf4 Bd7 14. a3 Qe7 15. Nh3 Ke8 16. g4 Kd8 17. Qg3 Kc7 18. Nf4 Rae8 19. Nh5 Reg8 20. f4 Qd8 21. f5 Kb8 22. f6 g6 23. Nf4 Qa5 24. Qg1 Nd8 25. Bf3 Ba4 26. g5 hxg5 27. hxg5 Rxh1 28. Qxh1 Qb5 29. Qb1 Qxb1 30. Rxb1 Rh8 31. Rh1 Rxh1 32. Bxh1 Kc7 1/2-1/2

[Event "WC-2015-S-00002"]
[Site "LSS email"]
[Date "2018.07.11"]
[Round "?"]
[White "Frendzas, Panayotis"]
[Black "Van Seben, Edgar"]
[Result "1/2-1/2"]
[WhiteElo "2556"]
[BlackElo "2501"]
[PlyCount "87"]
[EventDate "2015.06.10"]
[EventType "tourn (corr)"]
[EventRounds "12"]
[EventCountry "GER"]
[SourceTitle "Corr 2024"]
[Source "ChessBase"]
[SourceDate "2023.10.19"]
[SourceVersion "1"]
[SourceVersionDate "2023.10.19"]
[SourceQuality "1"]

1. e4 e6 2. d4 d5 3. Nd2 c5 4. exd5 Qxd5 5. Ngf3 cxd4 6. Bc4 Qd6 7. 0-0 Nf6 8. Nb3 Nc6 9. Nbxd4 Nxd4 10. Nxd4 a6 11. Re1 Qc7 12. Bf1 Bd6 13. Nf5 Bxh2+ 14. Kh1 Kf8 15. Qd4 exf5 16. Qxf6 h5 17. Qd4 Bd6 18. Bc4 Bd7 19. Bd2 Re8 20. Bc3 Rh7 21. Red1 Be6 22. Bxa6 Be7 23. Bb5 Rc8 24. Rd3 Rd8 25. Qe5 Qxe5 26. Rxd8+ Bxd8 27. Bxe5 Be7 28. a4 Bc5 29. Rd1 Ke7 30. Bd4 Bxd4 31. Rxd4 b6 32. f4 Rh8 33. Bd3 Bd7 34. b3 Rh6 35. Kg1 Rd6 36. Rxd6 Kxd6 37. g3 Be6 38. b4 Bd7 39. a5 bxa5 40. bxa5 Kc5 41. Be2 g6 42. Kf2 f6 43. Ke3 Bc6 44. c3 1/2-1/2

[Event "WC-2015-S-00002"]
[Site "LSS email"]
[Date "2018.07.11"]
[Round "?"]
[White "Kovacs, Arthur"]
[Black "Van Seben, Edgar"]
[Result "1/2-1/2"]
[WhiteElo "2494"]
[BlackElo "2501"]
[PlyCount "98"]
[EventDate "2015.06.10"]
[EventType "tourn (corr)"]
[EventRounds "12"]
[EventCountry "GER"]
[SourceTitle "Corr 2024"]
[Source "ChessBase"]
[SourceDate "2023.10.19"]
[SourceVersion "1"]
[SourceVersionDate "2023.10.19"]
[SourceQuality "1"]

1. e4 e6 2. d4 d5 3. Nc3 Nf6 4. Bg5 Bb4 5. e5 h6 6. Bd2 Bxc3 7. bxc3 Ne4 8. Qg4 Kf8 9. Bd3 Nxd2 10. Kxd2 c5 11. h4 c4 12. Be2 Nc6 13. Qf4 Bd7 14. Bh5 Qe7 15. Ne2 Ke8 16. a4 b6 17. Qe3 g6 18. Bg4 Kd8 19. h5 g5 20. Rhf1 Kc7 21. f4 gxf4 22. Rxf4 Qg5 23. Raf1 f6 24. exf6 e5 25. Bxd7 exf4 26. Nxf4 Kxd7 27. Qe6+ Kc7 28. Qf7+ Kd6 29. Qe6+ Kc7 30. Kd1 Rac8 31. Qh3 Rce8 32. f7 Re4 33. Ng6 Nxd4 34. f8Q Rxf8 35. Rxf8 Ne6 36. Rf7+ Kd6 37. Qh2+ Kc6 38. Qb8 Qxh5+ 39. Kc1 Qxg6 40. Qe8+ Kc5 41. Kb2 Rg4 42. Qe7+ Kc6 43. Rf6 Qxf6 44. Qxf6 Kd6 45. Qf7 Rg7 46. Qe8 Rxg2 47. Qb8+ Nc7 48. Qxa7 Kc6 49. a5 bxa5 1/2-1/2

[Event "WC-2015-S-00002"]
[Site "LSS email"]
[Date "2018.07.11"]
[Round "?"]
[White "Van Seben, Edgar"]
[Black "Frendzas, Panayotis"]
[Result "1/2-1/2"]
[WhiteElo "2501"]
[BlackElo "2556"]
[PlyCount "48"]
[EventDate "2015.06.10"]
[EventType "tourn (corr)"]
[EventRounds "12"]
[EventCountry "GER"]
[SourceTitle "Corr 2024"]
[Source "ChessBase"]
[SourceDate "2023.10.19"]
[SourceVersion "1"]
[SourceVersionDate "2023.10.19"]
[SourceQuality "1"]

1. d4 Nf6 2. c4 e6 3. Nc3 Bb4 4. Qc2 d5 5. cxd5 exd5 6. Bg5 c5 7. dxc5 h6 8. Bh4 g5 9. Bg3 Ne4 10. e3 Qa5 11. Nge2 Bf5 12. Be5 0-0 13. Nd4 Re8 14. Nxf5 Rxe5 15. Nxh6+ Kg7 16. Ng4 Re7 17. 0-0-0 Bxc3 18. f3 Qxa2 19. fxe4 Qa1+ 20. Qb1 Bxb2+ 21. Kc2 Qa4+ 22. Kxb2 Rxe4 23. Rd4 Rxd4 24. exd4 Qxd4+ 1/2-1/2

[Event "WC-2015-S-00002"]
[Site "LSS email"]
[Date "2018.07.11"]
[Round "?"]
[White "Van Seben, Edgar"]
[Black "Putman, Marcel"]
[Result "1/2-1/2"]
[WhiteElo "2501"]
[BlackElo "2366"]
[PlyCount "51"]
[EventDate "2015.06.10"]
[EventType "tourn (corr)"]
[EventRounds "12"]
[EventCountry "GER"]
[SourceTitle "Corr 2024"]
[Source "ChessBase"]
[SourceDate "2023.10.19"]
[SourceVersion "1"]
[SourceVersionDate "2023.10.19"]
[SourceQuality "1"]

1. d4 Nf6 2. c4 g6 3. Nc3 d5 4. cxd5 Nxd5 5. g3 Bg7 6. Bg2 Nxc3 7. bxc3 c5 8. Nf3 Nc6 9. Be3 0-0 10. 0-0 cxd4 11. Nxd4 Na5 12. Qd3 a6 13. Rfd1 Qc7 14. c4 Rb8 15. Rac1 Rd8 16. Nb5 Rxd3 17. Nxc7 Rxd1+ 18. Rxd1 Bg4 19. f3 Bf5 20. Nd5 Bf8 21. c5 Rc8 22. f4 e5 23. fxe5 Bxc5 24. Bxc5 Rxc5 25. Ne7+ Kg7 26. Nxf5+ 1/2-1/2

[Event "WC-2015-S-00002"]
[Site "LSS email"]
[Date "2018.07.11"]
[Round "?"]
[White "Van Seben, Edgar"]
[Black "Schlenther, Marco"]
[Result "1/2-1/2"]
[WhiteElo "2501"]
[BlackElo "2514"]
[PlyCount "42"]
[EventDate "2015.06.10"]
[EventType "tourn (corr)"]
[EventRounds "12"]
[EventCountry "GER"]
[SourceTitle "Corr 2024"]
[Source "ChessBase"]
[SourceDate "2023.10.19"]
[SourceVersion "1"]
[SourceVersionDate "2023.10.19"]
[SourceQuality "1"]

1. d4 Nf6 2. c4 e6 3. Nc3 Bb4 4. Qc2 0-0 5. a3 Bxc3+ 6. Qxc3 b6 7. Bg5 Bb7 8. f3 h6 9. Bh4 d5 10. e3 c5 11. dxc5 Nbd7 12. cxd5 g5 13. dxe6 Nd5 14. Qd2 Nxc5 15. Rd1 gxh4 16. e4 fxe6 17. exd5 Qxd5 18. Qxh6 Qe5+ 19. Ne2 Rad8 20. Qg6+ Kh8 21. Qh6+ Kg8 1/2-1/2

[Event "WC-2017-S-00001"]
[Site "LSS email"]
[Date "2017.05.17"]
[Round "?"]
[White "Haug, Ulrich"]
[Black "Van Seben, Edgar"]
[Result "1/2-1/2"]
[WhiteElo "2486"]
[BlackElo "2495"]
[PlyCount "64"]
[EventDate "2017.06.01"]
[EventType "tourn (corr)"]
[EventRounds "12"]
[EventCountry "GER"]
[SourceTitle "Corr 2024"]
[Source "ChessBase"]
[SourceDate "2023.10.19"]
[SourceVersion "1"]
[SourceVersionDate "2023.10.19"]
[SourceQuality "1"]

1. e4 e6 2. d4 d5 3. Nc3 Nf6 4. e5 Nfd7 5. f4 c5 6. Nf3 Nc6 7. Be3 cxd4 8. Nxd4 Bc5 9. Qd2 0-0 10. Qf2 Qc7 11. Nxc6 Qxc6 12. 0-0-0 a6 13. Bd3 b5 14. Kb1 b4 15. Qh4 f5 16. Bxc5 Nxc5 17. Ne2 a5 18. g4 Ba6 19. Nd4 Qb6 20. Bxa6 Rxa6 21. Rhg1 g6 22. gxf5 exf5 23. Qh3 Ne4 24. a4 bxa3 25. Qxa3 Nf2 26. Rd2 Ne4 27. Rd3 Nf2 28. Rd2 Ne4 29. Rd3 Nf2 30. Nxf5 Rxf5 31. Rxd5 Rxf4 32. Rd6 Qb5 1/2-1/2

[Event "WC-2017-S-00001"]
[Site "LSS email"]
[Date "2017.05.17"]
[Round "?"]
[White "Novak, Joze"]
[Black "Van Seben, Edgar"]
[Result "1/2-1/2"]
[WhiteElo "2389"]
[BlackElo "2495"]
[PlyCount "48"]
[EventDate "2017.06.01"]
[EventType "tourn (corr)"]
[EventRounds "12"]
[EventCountry "GER"]
[SourceTitle "Corr 2024"]
[Source "ChessBase"]
[SourceDate "2023.10.19"]
[SourceVersion "1"]
[SourceVersionDate "2023.10.19"]
[SourceQuality "1"]

1. c4 e5 2. g3 Nf6 3. Bg2 c6 4. Nf3 e4 5. Nd4 Qb6 6. e3 d5 7. Nc3 Bg4 8. Qa4 Bc5 9. cxd5 Bxd4 10. Qxd4 Qxd4 11. exd4 0-0 12. 0-0 Bf3 13. b3 cxd5 14. Ba3 Re8 15. Nb5 Be2 16. Nc7 Bxf1 17. Bxf1 Nc6 18. Nxa8 Rxa8 19. Bb2 Ne8 20. d3 exd3 21. Bxd3 Nc7 22. h4 Ne6 23. Re1 g6 24. Kg2 a6 1/2-1/2

[Event "WC-2017-S-00001"]
[Site "LSS email"]
[Date "2017.05.17"]
[Round "?"]
[White "Van Seben, Edgar"]
[Black "Kuhne, Detlev"]
[Result "1/2-1/2"]
[WhiteElo "2495"]
[BlackElo "2467"]
[PlyCount "40"]
[EventDate "2017.06.01"]
[EventType "tourn (corr)"]
[EventRounds "12"]
[EventCountry "GER"]
[SourceTitle "Corr 2024"]
[Source "ChessBase"]
[SourceDate "2023.10.19"]
[SourceVersion "1"]
[SourceVersionDate "2023.10.19"]
[SourceQuality "1"]

1. d4 Nf6 2. c4 e6 3. Nf3 Bb4+ 4. Nbd2 0-0 5. a3 Be7 6. e4 d5 7. e5 Nfd7 8. Bd3 c5 9. h4 g6 10. h5 cxd4 11. hxg6 fxg6 12. Qc2 Qe8 13. 0-0 Nc6 14. Re1 a5 15. cxd5 exd5 16. Bb5 d3 17. Qc3 Nc5 18. Nb3 Ne4 19. Qxd3 Qf7 20. Bh6 Nxe5 1/2-1/2

[Event "WC-2017-T-00003"]
[Site "LSS email"]
[Date "2017.01.09"]
[Round "?"]
[White "Van Seben, Edgar"]
[Black "Braun, Andreas"]
[Result "1/2-1/2"]
[WhiteElo "2489"]
[BlackElo "2457"]
[PlyCount "54"]
[EventDate "2017.01.15"]
[EventType "tourn (corr)"]
[EventRounds "10"]
[EventCountry "GER"]
[SourceTitle "Corr 2022"]
[Source "ChessBase"]
[SourceDate "2021.10.24"]
[SourceVersion "1"]
[SourceVersionDate "2021.10.24"]
[SourceQuality "1"]

1. d4 Nf6 2. c4 e6 3. Nc3 d5 4. cxd5 exd5 5. Bg5 c6 6. e3 Be7 7. Bd3 Nbd7 8. Qc2 Nh5 9. Bxe7 Qxe7 10. 0-0-0 Nb6 11. h3 g6 12. g4 Ng7 13. Kb1 Bd7 14. Nf3 0-0-0 15. Ne2 Kb8 16. Qc5 Rhe8 17. Qxe7 Rxe7 18. b3 Nc8 19. Rdg1 Nd6 20. Rh2 Rf8 21. Kb2 Kc7 22. Bc2 Bc8 23. Ne5 f6 24. Nd3 g5 25. h4 h6 26. hxg5 hxg5 27. Bd1 Ne4 1/2-1/2

[Event "WC-2017-T-00003"]
[Site "LSS email"]
[Date "2017.01.09"]
[Round "?"]
[White "Van Seben, Edgar"]
[Black "Szczepanski, Zbigniew"]
[Result "1-0"]
[WhiteElo "2489"]
[BlackElo "2468"]
[PlyCount "109"]
[EventDate "2017.01.15"]
[EventType "tourn (corr)"]
[EventRounds "10"]
[EventCountry "GER"]
[SourceTitle "Corr 2022"]
[Source "ChessBase"]
[SourceDate "2021.10.24"]
[SourceVersion "1"]
[SourceVersionDate "2021.10.24"]
[SourceQuality "1"]

1. d4 d5 2. c4 c6 3. Nf3 Nf6 4. e3 Bg4 5. h3 Bh5 6. g4 Bg6 7. Ne5 Nbd7 8. Nxg6 hxg6 9. Qb3 e6 10. Bg2 Qb6 11. Nc3 g5 12. cxd5 Nxd5 13. Qc2 Qa6 14. a3 Nb4 15. Qe2 Nb6 16. Be4 Qxe2+ 17. Kxe2 N4d5 18. Kf3 Bd6 19. Kg2 f6 20. Bd3 Kf7 21. Bd2 Rhd8 22. Ne4 Be7 23. Rac1 Nc7 24. Be2 a6 25. b4 Rab8 26. Bd1 Rh8 27. Bb3 Nbd5 28. Nc5 Bd6 29. a4 g6 30. Nd3 Rh4 31. e4 Nf4+ 32. Bxf4 gxf4 33. e5 Be7 34. exf6 Kxf6 35. Ne5 Kg7 36. Nf3 Rhh8 37. Rb1 Rbe8 38. h4 Bd6 39. Bc2 Re7 40. Bd3 Nd5 41. b5 cxb5 42. axb5 a5 43. Ra1 Bb4 44. g5 Rc7 45. Be4 Bc3 46. Ra2 Bb4 47. b6 Rcc8 48. Bxd5 exd5 49. Kh3 Rhe8 50. Kg4 Rc6 51. h5 gxh5+ 52. Rxh5 Rxb6 53. Nh4 Kg8 54. f3 Rbe6 55. Ng2 1-0

[Event "WC-2016-Q-00006"]
[Site "LSS email"]
[Date "2016.08.29"]
[Round "?"]
[White "Bernal Varela, Nelson"]
[Black "Van Seben, Edgar"]
[Result "1/2-1/2"]
[WhiteElo "2266"]
[BlackElo "2494"]
[PlyCount "57"]
[EventDate "2016.09.03"]
[EventType "tourn (corr)"]
[EventRounds "12"]
[EventCountry "GER"]
[SourceTitle "Corr 2022"]
[Source "ChessBase"]
[SourceDate "2021.10.24"]
[SourceVersion "1"]
[SourceVersionDate "2021.10.24"]
[SourceQuality "1"]

1. e4 e6 2. d4 d5 3. Nd2 c5 4. exd5 Qxd5 5. Ngf3 cxd4 6. Bc4 Qd6 7. 0-0 Nf6 8. Nb3 Nc6 9. Nbxd4 Nxd4 10. Nxd4 a6 11. Bb3 Qc7 12. Re1 Bd6 13. Nf5 Bxh2+ 14. Kh1 0-0 15. Nxg7 Rd8 16. Qf3 Kxg7 17. Bh6+ Kg6 18. c3 Nh5 19. Bc1 Bf4 20. g4 Ng3+ 21. fxg3 Bxc1 22. Raxc1 b6 23. Qe3 Bb7+ 24. Kh2 Qc5 25. Bc2+ Kg7 26. Qf4 Rd7 27. Kh3 h6 28. Re5 Qe7 29. Rf1 1/2-1/2

[Event "WC-2016-Q-00006"]
[Site "LSS email"]
[Date "2016.08.29"]
[Round "?"]
[White "Felicio, Clairton"]
[Black "Van Seben, Edgar"]
[Result "1-0"]
[WhiteElo "2372"]
[BlackElo "2494"]
[PlyCount "105"]
[EventDate "2016.09.03"]
[EventType "tourn (corr)"]
[EventRounds "12"]
[EventCountry "GER"]
[SourceTitle "Corr 2022"]
[Source "ChessBase"]
[SourceDate "2021.10.24"]
[SourceVersion "1"]
[SourceVersionDate "2021.10.24"]
[SourceQuality "1"]

1. e4 e6 2. d4 d5 3. Nc3 Nf6 4. Bg5 Bb4 5. e5 h6 6. Bh4 g5 7. Bg3 Ne4 8. Nge2 c5 9. a3 Bxc3+ 10. Nxc3 Nxc3 11. bxc3 Qa5 12. Qd2 Nc6 13. dxc5 Qxc5 14. Be2 Rg8 15. 0-0 Bd7 16. Kh1 Na5 17. f4 Nc4 18. Bxc4 Qxc4 19. fxg5 hxg5 20. Qf2 Rg7 21. Rab1 b6 22. Rb4 Qc5 23. Qf6 Qf8 24. a4 Bc6 25. Bf2 Rg6 26. Qf3 Qe7 27. Qh5 0-0-0 28. a5 b5 29. a6 Kb8 30. Rfb1 Qd7 31. Qf3 g4 32. Qg3 Qc8 33. Qf4 Qd7 34. Qd4 g3 35. Bxg3 Ka8 36. Kg1 Rdg8 37. Qc5 Rc8 38. Bf2 Rc7 39. g3 Qc8 40. Rf4 Rg8 41. Bd4 Bd7 42. Qe7 Bc6 43. Qa3 Rh8 44. Rf6 Qb8 45. Kg2 Qg8 46. Qd6 Qc8 47. h4 Rd8 48. Qa3 Rh8 49. Kh3 Qg8 50. Qd6 Qc8 51. g4 b4 52. Kg3 Rg8 53. g5 1-0

[Event "WC-2016-Q-00006"]
[Site "LSS email"]
[Date "2016.08.29"]
[Round "?"]
[White "Rook, Detlef"]
[Black "Van Seben, Edgar"]
[Result "1/2-1/2"]
[WhiteElo "2403"]
[BlackElo "2494"]
[PlyCount "48"]
[EventDate "2016.09.03"]
[EventType "tourn (corr)"]
[EventRounds "12"]
[EventCountry "GER"]
[SourceTitle "Corr 2022"]
[Source "ChessBase"]
[SourceDate "2021.10.24"]
[SourceVersion "1"]
[SourceVersionDate "2021.10.24"]
[SourceQuality "1"]

1. e4 c5 2. Nc3 Nc6 3. Bb5 Nd4 4. Nf3 Nxb5 5. Nxb5 d6 6. d4 Nf6 7. Nc3 cxd4 8. Qxd4 e5 9. Qd3 h6 10. Nd2 Be6 11. Nc4 Be7 12. Ne3 0-0 13. 0-0 Rc8 14. Rd1 Qc7 15. Bd2 a6 16. b3 Rfd8 17. Rac1 d5 18. Ncxd5 Bxd5 19. Nxd5 Nxd5 20. exd5 Ba3 21. c4 Bxc1 22. Rxc1 Qd6 23. Be3 Qa3 24. Rc2 Qd6 1/2-1/2

[Event "WC-2016-Q-00006"]
[Site "LSS email"]
[Date "2016.08.29"]
[Round "?"]
[White "Sanner, Zdzislaw"]
[Black "Van Seben, Edgar"]
[Result "1/2-1/2"]
[WhiteElo "2296"]
[BlackElo "2494"]
[PlyCount "76"]
[EventDate "2016.09.03"]
[EventType "tourn (corr)"]
[EventRounds "12"]
[EventCountry "GER"]
[SourceTitle "Corr 2022"]
[Source "ChessBase"]
[SourceDate "2021.10.24"]
[SourceVersion "1"]
[SourceVersionDate "2021.10.24"]
[SourceQuality "1"]

1. e4 e6 2. d4 d5 3. Nc3 Nf6 4. Bg5 Bb4 5. e5 h6 6. Bc1 Ne4 7. Qg4 g6 8. Nge2 Nxc3 9. Nxc3 c5 10. a3 Bxc3+ 11. bxc3 Qa5 12. Bd2 Qa4 13. Qf3 cxd4 14. Bd3 dxc3 15. Bxc3 Qh4 16. g3 Qd8 17. Bb4 Nc6 18. Bd6 Nd4 19. Qf4 Nf5 20. Bxf5 gxf5 21. Rb1 b6 22. c4 Qg5 23. cxd5 Qxf4 24. gxf4 exd5 25. Rc1 Rg8 26. Kd2 Be6 27. Rc7 Rg2 28. Kd3 Rc8 29. Re7+ Kd8 30. Rxa7 d4 31. Be7+ Ke8 32. Bh4 Rg4 33. Bg3 Bd5 34. Re1 Rg6 35. Kxd4 Be4 36. Rxe4 fxe4 37. Kxe4 Rgc6 38. Bh4 Rc4+ 1/2-1/2

[Event "WC-2016-Q-00006"]
[Site "LSS email"]
[Date "2016.08.29"]
[Round "?"]
[White "Van Seben, Edgar"]
[Black "Bernal Varela, Nelson"]
[Result "1/2-1/2"]
[WhiteElo "2494"]
[BlackElo "2266"]
[PlyCount "39"]
[EventDate "2016.09.03"]
[EventType "tourn (corr)"]
[EventRounds "12"]
[EventCountry "GER"]
[SourceTitle "Corr 2022"]
[Source "ChessBase"]
[SourceDate "2021.10.24"]
[SourceVersion "1"]
[SourceVersionDate "2021.10.24"]
[SourceQuality "1"]

1. d4 Nf6 2. c4 e6 3. Nf3 b6 4. g3 Bb7 5. Bg2 Be7 6. 0-0 0-0 7. Re1 Re8 8. Nc3 d5 9. cxd5 Nxd5 10. Bd2 c5 11. Nxd5 Bxd5 12. dxc5 Bxc5 13. Qa4 Qd7 14. Qc2 Na6 15. Red1 Be7 16. Ne5 Rac8 17. Bc3 Qc7 18. Qa4 Nc5 19. Qf4 Bf8 20. Bxd5 1/2-1/2

[Event "WC-2016-Q-00006"]
[Site "LSS email"]
[Date "2016.08.29"]
[Round "?"]
[White "Van Seben, Edgar"]
[Black "Sanner, Zdzislaw"]
[Result "1/2-1/2"]
[WhiteElo "2494"]
[BlackElo "2296"]
[PlyCount "125"]
[EventDate "2016.09.03"]
[EventType "tourn (corr)"]
[EventRounds "12"]
[EventCountry "GER"]
[SourceTitle "Corr 2022"]
[Source "ChessBase"]
[SourceDate "2021.10.24"]
[SourceVersion "1"]
[SourceVersionDate "2021.10.24"]
[SourceQuality "1"]

1. d4 d5 2. c4 c6 3. Nf3 Nf6 4. e3 Bf5 5. Nc3 e6 6. Nh4 Bg6 7. Nxg6 hxg6 8. a3 Nbd7 9. c5 Qc7 10. g3 Be7 11. b4 0-0 12. Bd2 e5 13. Bg2 Rfe8 14. 0-0 a6 15. a4 Nf8 16. h4 Ne6 17. Bh3 Bd8 18. Kg2 Nd7 19. Rb1 Bf6 20. Ne2 b6 21. Bc3 exd4 22. Bxe6 Rxe6 23. Bxd4 Bxd4 24. Nxd4 Rf6 25. Qc2 Ne5 26. Rb3 Nc4 27. cxb6 Qxb6 28. Nf3 Re8 29. Ng5 Rd6 30. Rd1 Rdd8 31. Rd4 Qb8 32. e4 Qb6 33. Nf3 Rd6 34. exd5 cxd5 35. b5 Qb7 36. Qd1 Red8 37. Kg1 axb5 38. Rxb5 Qc6 39. Qb3 Re8 40. Ng5 Rd7 41. Qc2 Red8 42. Nf3 Qc8 43. Qd1 Qc6 44. Rf4 Na3 45. Rbb4 Qc2 46. Rfd4 Qxd1+ 47. Rxd1 Nc4 48. Kg2 f6 49. Nd4 Ra8 50. Nb3 Ne5 51. Ra1 Rda7 52. a5 Nc6 53. Rb5 d4 54. Rc5 Rb8 55. Rxc6 Rxb3 56. Rd6 d3 57. Kf1 Kf7 58. a6 Ke7 59. Rd5 Rb6 60. Rda5 d2 61. Ke2 Rd6 62. Kd1 f5 63. R5a2 1/2-1/2

[Event "WC-2016-S-00003"]
[Site "LSS email"]
[Date "2016.07.28"]
[Round "?"]
[White "Moormann, Joerg"]
[Black "Van Seben, Edgar"]
[Result "1/2-1/2"]
[WhiteElo "2361"]
[BlackElo "2497"]
[PlyCount "55"]
[EventDate "2016.08.03"]
[EventType "tourn (corr)"]
[EventRounds "12"]
[EventCountry "GER"]
[SourceTitle "Corr 2022"]
[Source "ChessBase"]
[SourceDate "2021.10.24"]
[SourceVersion "1"]
[SourceVersionDate "2021.10.24"]
[SourceQuality "1"]

1. e4 e6 2. d4 d5 3. Nc3 Nf6 4. e5 Nfd7 5. f4 c5 6. Nf3 Nc6 7. Be3 a6 8. Qd2 b5 9. Nd1 Be7 10. Be2 0-0 11. 0-0 b4 12. c3 a5 13. Bf2 Ba6 14. Bxa6 Rxa6 15. f5 c4 16. a3 bxa3 17. bxa3 a4 18. Qc2 Na7 19. Rb1 Rb6 20. Rxb6 Qxb6 21. Qxa4 Nb5 22. Ne3 Rb8 23. Ra1 h6 24. h3 Bf8 25. Qc2 Nxa3 26. Qa4 Qb2 27. fxe6 Qxa1+ 28. Kh2 1/2-1/2

[Event "WC-2016-S-00003"]
[Site "LSS email"]
[Date "2016.07.28"]
[Round "?"]
[White "Van Seben, Edgar"]
[Black "Mueller, Michael"]
[Result "1/2-1/2"]
[WhiteElo "2497"]
[BlackElo "2304"]
[PlyCount "66"]
[EventDate "2016.08.03"]
[EventType "tourn (corr)"]
[EventRounds "12"]
[EventCountry "GER"]
[SourceTitle "Corr 2022"]
[Source "ChessBase"]
[SourceDate "2021.10.24"]
[SourceVersion "1"]
[SourceVersionDate "2021.10.24"]
[SourceQuality "1"]

1. d4 d5 2. c4 c6 3. Nf3 Nf6 4. Nc3 e6 5. Bg5 h6 6. Bh4 dxc4 7. e4 g5 8. Bg3 b5 9. Be2 Bb7 10. h4 g4 11. Ne5 Nbd7 12. Nxd7 Qxd7 13. Be5 Qe7 14. b3 Rg8 15. 0-0 Nd7 16. Bg3 b4 17. Na4 c3 18. a3 a5 19. Qd3 h5 20. Rfd1 Bh6 21. axb4 axb4 22. Qc4 e5 23. Nc5 Rxa1 24. Rxa1 Nxc5 25. dxc5 Bd2 26. Bd3 Rg7 27. Qxb4 f6 28. Bc2 Qd7 29. Ra7 Re7 30. Qb6 Kf7 31. b4 Bf4 32. Ra1 Bh6 33. Ra7 Bf4 1/2-1/2

[Event "WC-2015-Q-00008"]
[Site "LSS email"]
[Date "2015.09.08"]
[Round "?"]
[White "Hernandez Molina, David Enrique"]
[Black "Van Seben, Edgar"]
[Result "1/2-1/2"]
[WhiteElo "2237"]
[BlackElo "2501"]
[PlyCount "56"]
[EventDate "2015.09.15"]
[EventType "tourn (corr)"]
[EventRounds "12"]
[EventCountry "GER"]
[SourceTitle "Corr 2022"]
[Source "ChessBase"]
[SourceDate "2021.10.24"]
[SourceVersion "1"]
[SourceVersionDate "2021.10.24"]
[SourceQuality "1"]

1. e4 e6 2. d4 d5 3. Nc3 Nf6 4. e5 Nfd7 5. f4 c5 6. Nf3 Nc6 7. Be3 a6 8. Qd2 b5 9. Be2 Be7 10. 0-0 0-0 11. Nd1 b4 12. dxc5 Nxc5 13. Nf2 Ne4 14. Qd3 a5 15. Nxe4 Ba6 16. Nf6+ Bxf6 17. Qd1 Be7 18. Bxa6 Rxa6 19. Qd3 Ra8 20. Rac1 Qd7 21. c3 bxc3 22. Rxc3 Nb4 23. Qb1 Rac8 24. Rfc1 Rxc3 25. bxc3 Nc6 26. Qd3 Rc8 27. Rb1 Nd8 28. Bd4 Qa4 1/2-1/2

[Event "WC-2015-Q-00008"]
[Site "LSS email"]
[Date "2015.09.08"]
[Round "?"]
[White "Ketelhoehn, Bernd"]
[Black "Van Seben, Edgar"]
[Result "1/2-1/2"]
[WhiteElo "2445"]
[BlackElo "2501"]
[PlyCount "60"]
[EventDate "2015.09.15"]
[EventType "tourn (corr)"]
[EventRounds "12"]
[EventCountry "GER"]
[SourceTitle "Corr 2022"]
[Source "ChessBase"]
[SourceDate "2021.10.24"]
[SourceVersion "1"]
[SourceVersionDate "2021.10.24"]
[SourceQuality "1"]

1. d4 Nf6 2. Nf3 e6 3. Bg5 h6 4. Bxf6 Qxf6 5. e4 d6 6. Nc3 Nd7 7. Qd2 a6 8. a4 b6 9. 0-0-0 Bb7 10. Kb1 g6 11. h4 Bg7 12. Rh3 0-0-0 13. Bc4 Kb8 14. Rhh1 Qe7 15. Rhe1 Rhe8 16. Qd3 Ka7 17. Qd2 Nf6 18. d5 Nd7 19. Nd4 Bxd4 20. Qxd4 Qxh4 21. Qe3 Ne5 22. Be2 exd5 23. g3 Qe7 24. Nxd5 Bxd5 25. exd5 Qd7 26. Qd4 h5 27. b3 Kb7 28. f4 Ng4 29. Rc1 Ra8 30. Qc3 Rg8 1/2-1/2

[Event "WC-2015-Q-00008"]
[Site "LSS email"]
[Date "2015.09.08"]
[Round "?"]
[White "Tomak, Alexander"]
[Black "Van Seben, Edgar"]
[Result "1/2-1/2"]
[WhiteElo "2097"]
[BlackElo "2501"]
[PlyCount "63"]
[EventDate "2015.09.15"]
[EventType "tourn (corr)"]
[EventRounds "12"]
[EventCountry "GER"]
[SourceTitle "Corr 2022"]
[Source "ChessBase"]
[SourceDate "2021.10.24"]
[SourceVersion "1"]
[SourceVersionDate "2021.10.24"]
[SourceQuality "1"]

1. e4 e6 2. d4 d5 3. Nc3 Nf6 4. e5 Nfd7 5. f4 c5 6. Nf3 Nc6 7. Be3 a6 8. Be2 b5 9. Qd2 Be7 10. a3 0-0 11. 0-0 Qb6 12. Nd1 a5 13. c3 a4 14. Bd3 Na5 15. Qf2 g6 16. Rb1 Ba6 17. g4 cxd4 18. Bxd4 Nc5 19. Bc2 Rfc8 20. f5 Nc6 21. f6 Nxd4 22. Nxd4 Bf8 23. Re1 Ne4 24. Qe3 Rc4 25. Nf2 Rac8 26. Bxe4 dxe4 27. Nxe4 Rd8 28. Rbd1 Bb7 29. Nf2 Ba8 30. Rd3 h6 31. h4 Qb7 32. Kf1 1/2-1/2

[Event "WC-2015-Q-00008"]
[Site "LSS email"]
[Date "2015.09.08"]
[Round "?"]
[White "Van Seben, Edgar"]
[Black "Hernandez Molina, David Enrique"]
[Result "1-0"]
[WhiteElo "2501"]
[BlackElo "2237"]
[PlyCount "97"]
[EventDate "2015.09.15"]
[EventType "tourn (corr)"]
[EventRounds "12"]
[EventCountry "GER"]
[SourceTitle "Corr 2022"]
[Source "ChessBase"]
[SourceDate "2021.10.24"]
[SourceVersion "1"]
[SourceVersionDate "2021.10.24"]
[SourceQuality "1"]

1. d4 Nf6 2. c4 g6 3. Nc3 d5 4. cxd5 Nxd5 5. e4 Nxc3 6. bxc3 Bg7 7. Nf3 c5 8. Rb1 0-0 9. Be2 cxd4 10. cxd4 Qa5+ 11. Bd2 Qxa2 12. 0-0 b6 13. Qc1 Qe6 14. Re1 Bb7 15. Bc4 Qd7 16. Bh6 Rc8 17. Bxg7 Kxg7 18. d5 Qd6 19. h4 Qf6 20. Rb3 Na6 21. Ng5 Qd4 22. Qf4 Qf6 23. Qg3 Rxc4 24. Rf3 h5 25. e5 Qxf3 26. Qxf3 Rf8 27. e6 f6 28. Qd3 Rc5 29. Nf7 Bxd5 30. Qxa6 Rc7 31. Qa3 Bxe6 32. Nh6 Kxh6 33. Rxe6 Rf7 34. Qg3 Rc1+ 35. Kh2 Rc8 36. Qd3 Rcf8 37. Qa6 Ra8 38. Qb7 Raf8 39. Rxe7 Kg7 40. Qxa7 b5 41. Kg3 Rxe7 42. Qxe7+ Kg8 43. Qe6+ Kg7 44. Qd7+ Rf7 45. Qxb5 Re7 46. Qd3 Rf7 47. f3 Rc7 48. Kf4 Re7 49. g4 1-0